Представление документа в формате MARC21

ПолеНазваниеЗначение
  Тип записи a
  Библиографический уровень m
001 Контрольный номер RU\infra-m\znanium\bibl\2222247
005 Дата корректировки 20260429142340.1
008 Кодируемые данные 260123s2026 RU g rus u
020 Индекс ISBN __
a ISBN 978-5-16-009003-0
020 Индекс ISBN __
a ISBN 978-5-16-110627-3 (электр. издание)
040 Источник каталогиз. __
a Служба первич. каталог. Общество с ограниченной ответственностью «ЗНАНИУМ»
041 Код языка издания __
a Код языка текста rus
044 Код страны публикации __
a Код страны публикации RU
080 Индекс УДК __
a Индекс УДК 615.1(076.5)
084 Индекс другой классификации/Индекс ББК __
2 Источник индекса rubbk
a Индекс другой классификации/Индекс ББК 52.82я7
084 Индекс другой классификации/Индекс ББК __
2 Источник индекса okso
a Индекс другой классификации/Индекс ББК 33.05.01
100 Автор __
a Автор Косарев В. В.
q Полное имя Косарев Владислав Васильевич
u Дополнение Самарский государственный медицинский университет
245 Заглавие __
a Заглавие Осложнения фармакотерапии
b Продолж. заглавия Практическое пособие
c Ответственность Самарский государственный медицинский университет
250 Сведения об издании __
a Основные сведения об издании 1
260 Выходные данные __
a Место издания Москва
b Издательство ООО "Научно-издательский центр ИНФРА-М"
c Дата издания 2026
300 Физическое описание __
a Объем 188 с.
440 Серия __
a Серия Клиническая практика
520 Аннотация __
a Аннотация Руководство предназначено для системы послевузовского профессионального образования врачей-гериатров терапевтов врачей общей практики (семейных врачей) пульмонологов кардиологов гастроэнтерологов клинических фармакологов ординаторов и интернов аспирантов студентов учреждений высшего профессионального образования обучающихся по специальности «Лечебное дело» «Медикопрофилактическое дело» «Стоматология» «Фармация» по дисциплинам «Геронтология» «Клиническая фармакология».
521 Примеч. о цел. назн. __
a Примеч. о целев. назн. Ординатура
650 Тематические рубрики __
a Основная рубрика Медицина. Фармакология
x Основная подрубрика Фармакология
655 Указ. предметных рубрик (устаревшее) __
a Жанр/ форма (устаревшее) Практическое пособие
700 Другие авторы __
a Другие авторы Бабанов С.А.
q Полное имя Бабанов Сергей Анатольевич
u Дополнение Самарский государственный медицинский университет
856 Электронный адрес документа 4_
a Имя сервера/домена znanium.ru
m Помощь ebs_support@infra-m.ru
n Местонахождение сервера НИЦ ИНФРА-М
u URL https://znanium.ru/catalog/document?id=477154
856 Электронный адрес документа 48
a Имя сервера/домена znanium.ru
d Путь /cover/2222
f Электронное имя 2222247.jpg
q Тип электронного формата image/jpeg
u URL https://znanium.ru/cover/2222/2222247.jpg
911 __
u 0030=https://znanium.ru/catalog/document?id=477154